000 00384nab a22001097u 4500
008 130520b2002 xxu||||| |||| 00| 0 spa d
041 _aspa
100 1 _aBeotas, Enrique
_968559
245 0 0 _aLa palabra, instrumento esencial para escribir y describir la violencia y la paz
_cEnrique Beotas
773 0 _tTorre de los Lujanes
_gnº47,2002,págs. 97-106
_x1136-4343
_wRev481
942 _cAR
999 _c358604
_d358604